00493 2200205 4500001002100000008004100021035002000062245005400082100001700136250000600153260003300159300001100192084001400203082000800217650001400225990001200239990001200251990001200263990001200275INLIS000000000000524 ind  a0010-0424000500 aSeluk Beluk Perusahaan AsuransicY.P. Ari Nugroho aNugroho, Ari a1 aKlaten :bIntan Sejatic2011 a76 hlm a332 ARI s a332 aNon Fiksi a0722124 a0722125 a0722126 a0722127